Nutrient requirements of domestic animals /

Guardado en:
Autor Corporativo: National academy of sciences
Formato: Libro
Idioma:English
Publicado: Washington, 1962.
Etiquetas: Agregar Etiqueta
Sin Etiquetas, Sea el primero en etiquetar este registro!
LEADER 00481nam a22001455a 4500
001 EUN.um044995
003 AR-BaUNS
005 20050623122914.0
008 041125s1962####xxua##########000#0#eng#d
245 1 0 |a Nutrient requirements of domestic animals /  |c National academy of sciences. 
260 |a Washington,  |c 1962. 
300 |a v. :  |b ilus. ;  |c 23 cm. 
082 0 4 |a 636.085 
110 2 |a National academy of sciences  |c Washington. 
859 |a Ar-BaUNS  |b BIB. CENTRAL - Sector C  |h 636.085  |i N213  |p 52458/969  |v v.1